| 000 | 00542nam a2200169Ia 4500 | ||
|---|---|---|---|
| 008 | 240729s9999 xx 000 0 und d | ||
| 022 | _a2537-0278 | ||
| 245 | 0 | _aJournal of the General Union of Arab Archaeologists | |
| 260 | _aEgypt | ||
| 260 | _bThe General Union of Arab Archaeologists | ||
| 650 | _a Archaeology | Auxiliary sciences of history | ||
| 650 | _a History of Civilization | ||
| 650 | _aAuxiliary sciences of history | ||
| 856 | _uhttps://doaj.org/toc/1b6756bc0b344714bb46d068d439f2a7 | ||
| 942 | _2ddc | ||
| 942 | _cDOAJEJ | ||
| 999 |
_c68513 _d68513 |
||
| 945 |
_a1 _bMadushi Gamage _c1 _dMadushi Gamage |
||